[Event "Titled Tuesday intern op 17th Aug"]
[Site "Chess.com INT"]
[Date "2021.08.17"]
[Round "1"]
[White "Real de Azua, Ernesto"]
[Black "Gutman, Joshua"]
[Result "1/2-1/2"]
[WhiteElo "2440"]
[BlackElo "2007"]
[PlyCount "89"]
[EventDate "2021.08.17"]
[EventType "swiss (blitz)"]
[EventRounds "11"]
[EventCountry "USA"]
[SourceTitle "EXT 2022"]
[Source "ChessBase"]
[SourceDate "2021.10.06"]
[SourceVersion "1"]
[SourceVersionDate "2021.10.06"]
[SourceQuality "1"]

1. d4 d5 2. c4 c6 3. Nc3 Nf6 4. Nf3 dxc4 5. a4 Bf5 6. e3 e6 7. Bxc4 Bb4 8. 0-0 Nbd7 9. h3 0-0 10. Nh4 Qa5 11. Nxf5 Qxf5 12. Bd3 Qa5 13. Na2 Bd6 14. b4 Qc7 15. Bd2 e5 16. b5 exd4 17. exd4 Nd5 18. Nc3 Nxc3 19. Bxc3 Nf6 20. Rc1 Bh2+ 21. Kh1 Bf4 22. Rc2 Nd5 23. Be1 Qd6 24. Qf3 Rae8 25. Bc4 Qg6 26. Bd3 Qd6 27. Bc4 Bg5 28. bxc6 bxc6 29. Ba5 Re6 30. Bxd5 cxd5 31. Rc5 Re4 32. Bc3 Rfe8 33. Kg1 Bf6 34. Qf5 Bxd4 35. Rxd5 Qf6 36. Qxf6 Bxf6 37. Bxf6 gxf6 38. Ra5 R8e7 39. g3 Kg7 40. Rc1 Rb7 41. Kg2 Rbb4 42. Rxa7 Rxa4 43. Rxa4 Rxa4 44. h4 f5 45. Re1 1/2-1/2

[Event "Titled Tuesday intern op 03rd Aug"]
[Site "Chess.com INT"]
[Date "2021.08.03"]
[Round "4"]
[White "Miszler, Levente"]
[Black "Gutman, Joshua"]
[Result "0-1"]
[WhiteElo "2251"]
[BlackElo "2007"]
[PlyCount "104"]
[EventDate "2021.08.03"]
[EventType "swiss (blitz)"]
[EventRounds "11"]
[EventCountry "USA"]
[SourceTitle "CBM 203 Extra"]
[Source "ChessBase"]
[SourceDate "2021.09.30"]
[SourceVersion "1"]
[SourceVersionDate "2021.09.30"]
[SourceQuality "1"]

1. Nf3 d5 2. d4 Nf6 3. g3 c6 4. Bg2 Bf5 5. 0-0 h6 6. c4 e6 7. Qb3 Qb6 8. Nc3 Be7 9. Ne5 Qxb3 10. axb3 Bc2 11. cxd5 cxd5 12. Nb5 Na6 13. Rxa6 bxa6 14. Nc7+ Kf8 15. Nxa8 Bd6 16. Bf4 Ke7 17. Nc6+ Kd7 18. Bxd6 Kxd6 19. Rc1 Kxc6 20. Rxc2+ Kb7 21. Rc7+ Kxa8 22. Rxf7 Rb8 23. Rxg7 Rxb3 24. Bh3 Rxb2 25. Bxe6 Rxe2 26. Bf5 a5 27. Rg6 Ne4 28. Be6 Nc3 29. Rxh6 a4 30. Bg4 Re1+ 31. Kg2 a3 32. Ra6 a2 33. h4 Kb7 34. Ra3 a1Q 35. Rxa1 Rxa1 36. h5 Re1 37. h6 a5 38. h7 Re8 39. Bf5 a4 40. Bc2 a3 41. Bb3 a2 42. Bxa2 Nxa2 43. g4 Rh8 44. f4 Rxh7 45. f5 Nc3 46. Kg3 Ne4+ 47. Kf4 Rg7 48. Ke5 Rxg4 49. Kxd5 Kc7 50. Ke5 Kd7 51. f6 Nxf6 52. Kxf6 Rxd4 0-1

[Event "Southwest op 84th"]
[Site "Irving"]
[Date "2018.08.30"]
[Round "1"]
[White "Javakhadze, Zurab"]
[Black "Gutman, Joshua"]
[Result "0-1"]
[WhiteElo "2438"]
[BlackElo "2031"]
[PlyCount "45"]
[EventDate "2018.08.30"]
[EventType "swiss"]
[EventRounds "9"]
[EventCountry "USA"]
[SourceTitle "CBM 186 Extra"]
[Source "ChessBase"]
[SourceDate "2018.08.24"]
[SourceVersion "1"]
[SourceVersionDate "2018.08.24"]
[SourceQuality "1"]

1. Nf3 d5 2. c4 c6 3. g3 Nf6 4. Bg2 Bf5 5. 0-0 e6 6. d3 Be7 7. Be3 c5 8. d4 0-0 9. Nc3 Nc6 10. cxd5 exd5 11. dxc5 Qa5 12. a3 Rad8 13. Nd4 Nxd4 14. Qxd4 Be6 15. b4 Qc7 16. Bf4 Qd7 17. Rfd1 a5 18. Be5 Qc6 19. Ra2 Rd7 20. Rad2 Rfd8 21. Qf4 h6 22. Bd4 Qc8 23. Na4 0-1

[Event "Southwest Class-ch 8th"]
[Site "Fort Worth"]
[Date "2017.02.18"]
[Round "4"]
[White "Gutman, Joshua"]
[Black "Sanchez, Roberto Daniel"]
[Result "1/2-1/2"]
[WhiteElo "2078"]
[BlackElo "1863"]
[PlyCount "110"]
[EventDate "2017.02.16"]
[EventType "swiss"]
[EventRounds "9"]
[EventCountry "USA"]
[SourceTitle "EXT 2018"]
[Source "ChessBase"]
[SourceDate "2017.10.13"]
[SourceVersion "1"]
[SourceVersionDate "2017.10.13"]
[SourceQuality "1"]

1. d4 Nf6 2. c4 e6 3. g3 Bb4+ 4. Bd2 Qe7 5. Nf3 Nc6 6. Bg2 Bxd2+ 7. Nbxd2 0-0 8. 0-0 d6 9. a3 e5 10. d5 Nb8 11. b4 c6 12. e4 cxd5 13. cxd5 Bd7 14. Qb3 Na6 15. Rfc1 Rfc8 16. Ne1 Nc7 17. a4 Nce8 18. Nd3 Nh5 19. Nc4 f5 20. exf5 Bxf5 21. Ne3 Bd7 22. b5 Qd8 23. Rc4 Nhf6 24. Nb4 Rxc4 25. Qxc4 Rc8 26. Qb3 Qb6 27. Rd1 Ng4 28. Nxg4 Bxg4 29. Re1 Qd4 30. h3 Rc3 31. Qb1 Bh5 32. Qb2 Nf6 33. a5 Re3 34. Rb1 Re1+ 35. Kh2 Rxb1 36. Qxb1 Qxf2 37. a6 bxa6 38. bxa6 Qb6 39. Qe1 Be8 40. Qc3 Bd7 41. Qa3 Qc5 42. Qb3 Bb5 43. Nc6 Qc4 44. Qa3 Qc5 45. Qb3 h6 46. Nxa7 Bxa6 47. Qb8+ Kh7 48. Qb1+ Kg8 49. Qb8+ Kf7 50. Nc6 Qf2 51. Qxd6 Bf1 52. Nxe5+ Ke8 53. Qc6+ Kf8 54. Qd6+ Ke8 55. Qc6+ Kf8 1/2-1/2

[Event "Southwest Class-ch 8th"]
[Site "Fort Worth"]
[Date "2017.02.17"]
[Round "3"]
[White "Premkumar, Hiren"]
[Black "Gutman, Joshua"]
[Result "1/2-1/2"]
[WhiteElo "1857"]
[BlackElo "2078"]
[PlyCount "69"]
[EventDate "2017.02.16"]
[EventType "swiss"]
[EventRounds "9"]
[EventCountry "USA"]
[SourceTitle "EXT 2018"]
[Source "ChessBase"]
[SourceDate "2017.10.13"]
[SourceVersion "1"]
[SourceVersionDate "2017.10.13"]
[SourceQuality "1"]

1. d4 d5 2. c4 c6 3. cxd5 cxd5 4. Bf4 Nc6 5. Nc3 Nf6 6. e3 Bf5 7. Qb3 Qb6 8. Qxb6 axb6 9. Nf3 e6 10. a3 Be7 11. Be2 0-0 12. 0-0 Rfc8 13. Rfc1 h6 14. Nd2 g5 15. Bg3 Bg6 16. Nb5 Ne8 17. Nb3 Bd8 18. Rc3 Ne7 19. Rac1 Rxc3 20. Rxc3 Rc8 21. f3 Rc6 22. Nc1 Nf5 23. Bf2 Ned6 24. Rxc6 bxc6 25. Na7 c5 26. Nc6 Bf6 27. Nd3 cxd4 28. exd4 Nc4 29. Nde5 Nxb2 30. Na7 Na4 31. Bb5 Nc3 32. Bf1 Na4 33. Bb5 Nc3 34. Bf1 Na4 35. Nb5 1/2-1/2

[Event "Philadelphia op 10th"]
[Site "Philadelphia"]
[Date "2016.03.23"]
[Round "1"]
[White "Gutman, Joshua"]
[Black "Colas, Joshua"]
[Result "0-1"]
[WhiteElo "2115"]
[BlackElo "2374"]
[PlyCount "128"]
[EventDate "2016.03.23"]
[EventType "swiss"]
[EventRounds "9"]
[EventCountry "USA"]
[SourceTitle "CBM 171 Extra"]
[Source "ChessBase"]
[SourceDate "2016.04.26"]
[SourceVersion "1"]
[SourceVersionDate "2016.04.26"]
[SourceQuality "1"]

1. d4 Nf6 2. c4 e6 3. g3 d5 4. Nf3 Bb4+ 5. Bd2 Be7 6. Bg2 0-0 7. 0-0 Nbd7 8. Qc2 c6 9. Bf4 b6 10. Ne5 Nxe5 11. dxe5 Nd7 12. h4 Ba6 13. Nd2 Rc8 14. Rfd1 Qc7 15. Rac1 Qb8 16. Qc3 Rfd8 17. b3 h6 18. Nf3 Nf8 19. g4 c5 20. Bg3 d4 21. Qd2 Bb7 22. h5 Nd7 23. Re1 Qa8 24. Rcd1 a6 25. Kh2 b5 26. Rg1 Nb6 27. g5 hxg5 28. Nxg5 Bxg2 29. Rxg2 Nd7 30. Bf4 Bxg5 31. Rxg5 Kh8 32. Rdg1 Rg8 33. Qd3 Rc7 34. Qg3 Qf8 35. Rg4 Rc8 36. Qd3 Qe8 37. h6 g6 38. cxb5 axb5 39. Qxb5 Nf6 40. Qd3 Nxg4+ 41. Rxg4 Kh7 42. Bg5 Qc6 43. Qg3 Qd5 44. Qf4 f5 45. exf6 e5 46. Qe4 Qf7 47. Rg1 Rgd8 48. Rg3 Ra8 49. a4 Rac8 50. Bh4 c4 51. bxc4 Rxc4 52. Rd3 Rxa4 53. Qxe5 Ra7 54. e3 Rd5 55. Qe4 Rh5 56. Kg2 dxe3 57. Rxe3 Kxh6 58. Rf3 Kh7 59. Bg3 Qd7 60. Be5 Qd1 61. Rh3 Rxh3 62. Kxh3 Qf1+ 63. Qg2 Qe2 64. Qg4 Qxe5 0-1

[Event "Southwest Class-ch 7th"]
[Site "Dallas"]
[Date "2016.02.15"]
[Round "9"]
[White "Eckert, Doug D"]
[Black "Gutman, Joshua"]
[Result "1/2-1/2"]
[WhiteElo "2190"]
[BlackElo "2092"]
[PlyCount "93"]
[EventDate "2016.02.11"]
[EventType "swiss"]
[EventRounds "9"]
[EventCountry "USA"]
[SourceTitle "EXT 2018"]
[Source "ChessBase"]
[SourceDate "2017.10.13"]
[SourceVersion "1"]
[SourceVersionDate "2017.10.13"]
[SourceQuality "1"]

1. c4 e5 2. g3 Nf6 3. Bg2 c6 4. d4 exd4 5. Qxd4 Na6 6. Nf3 Bc5 7. Qe5+ Qe7 8. Qxe7+ Bxe7 9. Nc3 d5 10. cxd5 Nb4 11. 0-0 Nbxd5 12. Nd4 Nxc3 13. bxc3 0-0 14. e4 Rd8 15. Rb1 Ne8 16. Nf5 Bc5 17. Bf4 f6 18. Rfe1 g6 19. Be3 Bxe3 20. Nxe3 Nd6 21. c4 Be6 22. c5 Nb5 23. a4 Nc3 24. Rxb7 Nxa4 25. Rc1 Rdb8 26. Re7 Re8 27. Rxe8+ Rxe8 28. e5 Rc8 29. exf6 Rc7 30. Nc4 Nxc5 31. Ne5 Nb3 32. Rd1 Rc8 33. Bxc6 Rf8 34. Rd6 Nc5 35. Nd3 Nxd3 36. Rxe6 Nb4 37. Be8 Nd5 38. f7+ Kh8 39. Kf1 a5 40. Ke1 Kg7 41. Kd2 Nf6 42. h3 h5 43. h4 Nh7 44. f4 Nf6 45. Kc2 Ng4 46. Kd3 Nh6 47. Re5 1/2-1/2

[Event "US Masters op"]
[Site "Greensboro"]
[Date "2014.08.29"]
[Round "2"]
[White "Studen, Damir"]
[Black "Gutman, Joshua"]
[Result "1-0"]
[WhiteElo "2264"]
[BlackElo "2134"]
[PlyCount "53"]
[EventDate "2014.08.28"]
[EventType "swiss"]
[EventRounds "9"]
[EventCountry "USA"]
[SourceTitle "CBM 162 Extra"]
[Source "ChessBase"]
[SourceDate "2014.10.17"]
[SourceVersion "1"]
[SourceVersionDate "2014.10.17"]
[SourceQuality "1"]

1. d4 d5 2. Nf3 Nf6 3. c4 c6 4. Nc3 dxc4 5. a4 Bf5 6. e3 e6 7. Bxc4 Bb4 8. Qb3 Qe7 9. 0-0 0-0 10. Ne5 a5 11. f3 c5 12. e4 cxd4 13. Na2 Bg6 14. Nxb4 axb4 15. Bd2 Rc8 16. Rfc1 Nc6 17. Nxc6 Rxc6 18. Bb5 Rcc8 19. Bxb4 Qd8 20. a5 Ne8 21. Bd2 Nd6 22. Bd3 Qd7 23. Qb6 e5 24. Bb4 Rxc1+ 25. Rxc1 Rc8 26. Rc5 f6 27. Qxd6 1-0

[Event "Continental Class-ch 4th"]
[Site "Arlington"]
[Date "2013.10.14"]
[Round "9"]
[White "Nieto, Manuel Valerio Wald"]
[Black "Gutman, Joshua"]
[Result "0-1"]
[WhiteElo "2014"]
[BlackElo "2133"]
[PlyCount "62"]
[EventDate "2013.10.09"]
[EventType "swiss"]
[EventRounds "9"]
[EventCountry "USA"]
[SourceTitle "CBM 156 Extra"]
[Source "ChessBase"]
[SourceDate "2013.10.22"]
[SourceVersion "1"]
[SourceVersionDate "2013.10.22"]
[SourceQuality "1"]

1. Nf3 d5 2. c4 c6 3. cxd5 cxd5 4. d4 Nf6 5. Nc3 Nc6 6. Bf4 Nh5 7. Bg3 e6 8. e3 Be7 9. Bb5 Qb6 10. Ne5 Nxg3 11. hxg3 a6 12. Nxc6 bxc6 13. Ba4 Qxb2 14. Bxc6+ Bd7 15. Bxd7+ Kxd7 16. Ne2 Qb4+ 17. Qd2 Rab8 18. Qxb4 Bxb4+ 19. Kf1 Ba3 20. g4 Rb2 21. g3 Rc8 22. Rxh7 Rcc2 23. Nf4 Rxf2+ 24. Kg1 Bf8 25. Rh8 Bd6 26. Ra8 Bxf4 27. gxf4 Rg2+ 28. Kh1 Rh2+ 29. Kg1 Rbg2+ 30. Kf1 Rxg4 31. Re1 Rxa2 0-1

[Event "Pacific Southwest op 53rd"]
[Site "Los Angeles"]
[Date "2013.07.07"]
[Round "5"]
[White "Duckworth, William Mark"]
[Black "Gutman, Joshua"]
[Result "1-0"]
[WhiteElo "2246"]
[BlackElo "2128"]
[PlyCount "51"]
[EventDate "2013.07.05"]
[EventType "swiss"]
[EventRounds "6"]
[EventCountry "USA"]
[SourceTitle "CBM 155 Extra"]
[Source "ChessBase"]
[SourceDate "2013.08.26"]
[SourceVersion "1"]
[SourceVersionDate "2013.08.26"]
[SourceQuality "1"]

1. d4 d5 2. Bg5 Nc6 3. e3 Bf5 4. Bd3 Qd7 5. Nf3 f6 6. Bf4 0-0-0 7. Bb5 e6 8. Nbd2 Nge7 9. c3 g5 10. Bg3 h5 11. h4 g4 12. Ng1 a6 13. Ba4 Ng6 14. b4 e5 15. b5 axb5 16. Bxb5 Qe6 17. Qa4 Nf4 18. Ne2 Nxe2 19. Bxe2 exd4 20. cxd4 Bb4 21. Bb5 Rh7 22. Rc1 Bxd2+ 23. Kxd2 Nb8 24. Rc3 Qb6 25. Rb3 Nc6 26. Bd3 1-0

[Event "Southern California Candidates"]
[Site "Los Angeles"]
[Date "2011.06.26"]
[Round "4"]
[White "Gutman, Joshua"]
[Black "Clawitter, Craig"]
[Result "1-0"]
[WhiteElo "2107"]
[BlackElo "2095"]
[PlyCount "53"]
[EventDate "2011.06.25"]
[EventType "swiss"]
[EventRounds "4"]
[EventCountry "USA"]
[SourceTitle "CBM 143 Extra"]
[Source "ChessBase"]
[SourceDate "2011.08.29"]
[SourceVersion "1"]
[SourceVersionDate "2011.08.29"]
[SourceQuality "1"]

1. d4 e6 2. c4 b6 3. a3 Bb7 4. Nf3 f5 5. g3 Nf6 6. Bg2 Be7 7. 0-0 0-0 8. Nc3 Qe8 9. d5 Qh5 10. Re1 Na6 11. b4 Ne4 12. Qd3 Bf6 13. Bd2 exd5 14. cxd5 Rae8 15. Rac1 Nxc3 16. Bxc3 f4 17. Bxf6 Rxf6 18. Rcd1 Kh8 19. h3 Rd6 20. Nd4 c5 21. dxc6 dxc6 22. Qf5 Qh6 23. Qf7 Rb8 24. Nf5 Rxd1 25. Rxd1 Qg6 26. Qxb7 Qxf5 27. Qxb8+ 1-0

[Event "Southern California Candidates"]
[Site "Los Angeles"]
[Date "2011.06.25"]
[Round "2"]
[White "Gutman, Joshua"]
[Black "Brown, Michael William"]
[Result "1/2-1/2"]
[WhiteElo "2107"]
[BlackElo "2128"]
[PlyCount "125"]
[EventDate "2011.06.25"]
[EventType "swiss"]
[EventRounds "4"]
[EventCountry "USA"]
[SourceTitle "CBM 143 Extra"]
[Source "ChessBase"]
[SourceDate "2011.08.29"]
[SourceVersion "1"]
[SourceVersionDate "2011.08.29"]
[SourceQuality "1"]

1. d4 d5 2. c4 dxc4 3. Nf3 Nf6 4. e3 e6 5. Bxc4 a6 6. 0-0 c5 7. a4 Nc6 8. Nc3 Be7 9. d5 exd5 10. Nxd5 0-0 11. Re1 Bg4 12. h3 Bh5 13. e4 Bg6 14. Nxe7+ Qxe7 15. e5 Ne4 16. Bf4 Rad8 17. Qc1 h6 18. Ra3 Nd4 19. Rae3 Nxf3+ 20. Rxf3 Rd4 21. b3 Rfd8 22. Be3 R4d7 23. Bxh6 Qxe5 24. Bf4 Qd4 25. Be3 Qe5 26. Rf4 Qc7 27. Qa1 Qc6 28. a5 Re8 29. Qc1 Re5 30. Rd1 Rd6 31. Be2 Rxd1+ 32. Bxd1 Qb5 33. Qa1 Re6 34. Bg4 Re8 35. Qa3 Re5 36. h4 Nd6 37. Qb2 c4 38. b4 Re4 39. Bf3 Re6 40. Bc5 Bd3 41. Qd4 Nf5 42. Qc3 Qe8 43. Bd5 Re1+ 44. Kh2 Qe2 45. Bxc4 Qd1 46. Qxe1 Qxe1 47. Bxd3 Qd2 48. Rxf5 Qxd3 49. Rf4 f6 50. g3 Qe2 51. Kg2 Kf7 52. Rd4 Ke6 53. Rd8 Kf5 54. Rd5+ Kg4 55. Rd4+ Kh5 56. Rd8 g5 57. Rd4 Kg6 58. hxg5 fxg5 59. Rd6+ Kf5 60. Rd5+ Kg4 61. Rd4+ Kh5 62. Kg1 g4 63. Rf4 1/2-1/2

[Event "Berkeley op"]
[Site "Berkeley"]
[Date "2011.01.04"]
[Round "5"]
[White "Gutman, Joshua"]
[Black "Dixon, Dakota Ellis"]
[Result "1/2-1/2"]
[WhiteElo "2124"]
[BlackElo "2063"]
[PlyCount "71"]
[EventDate "2011.01.02"]
[EventType "swiss"]
[EventRounds "10"]
[EventCountry "USA"]
[SourceTitle "CBM 140 Extra"]
[Source "ChessBase"]
[SourceDate "2011.03.01"]
[SourceVersion "1"]
[SourceVersionDate "2011.03.01"]
[SourceQuality "1"]

1. d4 Nf6 2. c4 e6 3. Nc3 Bb4 4. f3 d5 5. a3 Bxc3+ 6. bxc3 c6 7. e3 Nbd7 8. Bd3 0-0 9. Ne2 Re8 10. 0-0 e5 11. cxd5 cxd5 12. Ng3 Nb6 13. a4 Qc7 14. Qc2 Bd7 15. Bd2 Nc4 16. e4 Nxd2 17. Qxd2 Rac8 18. Rfc1 dxe4 19. fxe4 Qd6 20. d5 Ng4 21. Ra2 Rc7 22. h3 Nf6 23. Kh2 Rec8 24. Qb2 Qc5 25. Qd2 Qa5 26. c4 Qxd2 27. Rxd2 Rc5 28. Rb2 b6 29. Ra1 Ra5 30. Ne2 Ne8 31. Nc3 Nd6 32. Rb4 Nb7 33. Be2 Nc5 34. Kg3 Na6 35. Rbb1 Nc5 36. Rb4 1/2-1/2

[Event "Berkeley op"]
[Site "Berkeley"]
[Date "2011.01.03"]
[Round "4"]
[White "Coleman, Teddy"]
[Black "Gutman, Joshua"]
[Result "1-0"]
[WhiteElo "2282"]
[BlackElo "2124"]
[PlyCount "35"]
[EventDate "2011.01.02"]
[EventType "swiss"]
[EventRounds "10"]
[EventCountry "USA"]
[SourceTitle "CBM 140 Extra"]
[Source "ChessBase"]
[SourceDate "2011.03.01"]
[SourceVersion "1"]
[SourceVersionDate "2011.03.01"]
[SourceQuality "1"]

1. d4 d5 2. c4 c6 3. Nc3 dxc4 4. e3 b5 5. a4 b4 6. Na2 e6 7. Bxc4 Nf6 8. Nf3 Bb7 9. 0-0 Nbd7 10. Qe2 c5 11. Bd2 Qc7 12. a5 Rb8 13. Rfc1 b3 14. Nc3 Bxf3 15. Qxf3 cxd4 16. Nb5 Qd8 17. Nxa7 Qc7 18. Nc6 1-0

[Event "Berkeley op"]
[Site "Berkeley"]
[Date "2011.01.02"]
[Round "1"]
[White "Gutman, Joshua"]
[Black "Holt, Conrad"]
[Result "0-1"]
[WhiteElo "2124"]
[BlackElo "2388"]
[PlyCount "52"]
[EventDate "2011.01.02"]
[EventType "swiss"]
[EventRounds "10"]
[EventCountry "USA"]
[SourceTitle "CBM 140 Extra"]
[Source "ChessBase"]
[SourceDate "2011.03.01"]
[SourceVersion "1"]
[SourceVersionDate "2011.03.01"]
[SourceQuality "1"]

1. d4 d5 2. c4 c6 3. Nf3 Nf6 4. Nc3 dxc4 5. a4 Bf5 6. Ne5 Nbd7 7. Nxc4 Nb6 8. Ne5 a5 9. f3 Nfd7 10. e4 Nxe5 11. exf5 Ned7 12. d5 g6 13. Be3 Bg7 14. Qd2 0-0 15. Rd1 Qc7 16. dxc6 bxc6 17. Be2 Ne5 18. Qc2 Nec4 19. Bf2 Nxb2 20. Rd4 Bxd4 21. Bxd4 Qd8 22. Be3 N2c4 23. Bh6 Qd4 24. Ne4 Ne3 25. Qc1 Nxf5 26. Bd2 Nd5 0-1

[Event "Pacific Southwest op 50th"]
[Site "Los Angeles"]
[Date "2010.07.05"]
[Round "6"]
[White "Gutman, Joshua"]
[Black "Phillips, Jeff"]
[Result "1-0"]
[WhiteElo "2151"]
[BlackElo "2041"]
[PlyCount "105"]
[EventDate "2010.07.03"]
[EventType "swiss"]
[EventRounds "6"]
[EventCountry "USA"]
[SourceTitle "EXT 2014"]
[Source "ChessBase"]
[SourceDate "2013.11.20"]
[SourceVersion "1"]
[SourceVersionDate "2013.11.20"]
[SourceQuality "1"]

1. d4 g6 2. c4 Bg7 3. Nf3 Nf6 4. Nc3 0-0 5. e4 d6 6. Be2 e5 7. 0-0 Nc6 8. d5 Ne7 9. Ne1 h6 10. Be3 Kh7 11. c5 Ne8 12. Nd3 f5 13. f3 f4 14. Bf2 g5 15. a4 h5 16. cxd6 cxd6 17. Nb5 a6 18. Na3 Rf6 19. Nc4 Rg6 20. Nb6 Rb8 21. a5 g4 22. Nxc8 Qxc8 23. Bb6 Nf6 24. Rc1 Qg8 25. Bc7 gxf3 26. Bxf3 Ng4 27. Bxg4 hxg4 28. Bxd6 Rxd6 29. Qxg4 Rh6 30. Rc7 Ng6 31. Nc5 Nf8 32. Rf3 Qh8 33. Qf5+ Kg8 34. Qf7+ Kh7 35. Rb3 Qg8 36. Qf5+ Kh8 37. Rbxb7 Rxb7 38. Rxb7 Rf6 39. Qh3+ Rh6 40. Qf5 Rf6 41. Qh5+ Rh6 42. Qf7 Bf6 43. Qxg8+ Kxg8 44. Rb6 f3 45. gxf3 Bg5 46. Rxh6 Bxh6 47. Nxa6 Nd7 48. Nc7 Be3+ 49. Kf1 Kf7 50. Ke2 Bd4 51. b3 Ke7 52. Kd3 Kd8 53. Ne6+ 1-0

[Event "Pacific Southwest op 50th"]
[Site "Los Angeles"]
[Date "2010.07.03"]
[Round "2"]
[White "Gutman, Joshua"]
[Black "Abrahamyan, Tatev"]
[Result "1-0"]
[WhiteElo "2151"]
[BlackElo "2310"]
[PlyCount "75"]
[EventDate "2010.07.03"]
[EventType "swiss"]
[EventRounds "6"]
[EventCountry "USA"]
[SourceTitle "EXT 2014"]
[Source "ChessBase"]
[SourceDate "2013.11.20"]
[SourceVersion "1"]
[SourceVersionDate "2013.11.20"]
[SourceQuality "1"]

1. d4 Nf6 2. Nf3 g6 3. c4 Bg7 4. Nc3 0-0 5. e4 d6 6. Be2 e5 7. 0-0 Na6 8. Be3 Ng4 9. Bg5 Qe8 10. dxe5 h6 11. Bd2 Nxe5 12. Nxe5 Qxe5 13. Qc1 Nc5 14. Bf4 Qe8 15. Bxh6 Nxe4 16. Nd5 Qd8 17. Bf3 Bxh6 18. Qxh6 Ng5 19. Rfe1 Be6 20. Re3 c6 21. Nc3 Bxc4 22. Ne4 Nh7 23. Bg4 f6 24. Qxg6+ Kh8 25. Rh3 Bg8 26. Bf5 Qe7 27. Nxd6 Rad8 28. Ne4 Rd5 29. Ng3 Re5 30. Bd3 Qd7 31. Nf5 Be6 32. Rh5 Rd5 33. Nd4 Bg8 34. Rxd5 Qxd5 35. Nf5 Rf7 36. Ne3 Qd4 37. Rb1 Rg7 38. Qxg7+ 1-0

[Event "Los Angeles op"]
[Site "Los Angeles"]
[Date "2008.11.02"]
[Round "4"]
[White "Gutman, Joshua"]
[Black "Peters, Jack"]
[Result "1-0"]
[WhiteElo "2124"]
[BlackElo "2397"]
[PlyCount "103"]
[EventDate "2008.10.31"]
[EventType "swiss"]
[EventRounds "5"]
[EventCountry "USA"]
[SourceTitle "EXT 2014"]
[Source "ChessBase"]
[SourceDate "2013.11.20"]
[SourceVersion "1"]
[SourceVersionDate "2013.11.20"]
[SourceQuality "1"]

1. e4 c5 2. Nf3 e6 3. Nc3 a6 4. d4 cxd4 5. Nxd4 b5 6. Bd3 Bc5 7. Nb3 Be7 8. 0-0 Nc6 9. Be3 Nf6 10. f4 d6 11. Qf3 Bd7 12. a4 b4 13. Ne2 0-0 14. Ng3 Qc7 15. Qe2 a5 16. Nd2 Rab8 17. Rae1 e5 18. f5 Na7 19. b3 Nc8 20. Nh5 Nb6 21. Bg5 Qd8 22. h4 Bc6 23. Bxf6 Bxf6 24. Qg4 Kh8 25. Nf3 Rb7 26. Ng5 Bxg5 27. hxg5 f6 28. g6 d5 29. Ng3 dxe4 30. Bxe4 Nd5 31. Qf3 Qb6+ 32. Kh2 Rd7 33. Rh1 h6 34. Nh5 Rc8 35. g4 Nc3 36. Bxc6 Rd2+ 37. Kg3 Rxc6 38. g5 Nd5 39. c4 fxg5 40. Rxe5 Qb8 41. Rhe1 Ne7 42. Kg4 Rh2 43. Qxc6 Rh4+ 44. Kf3 Rh3+ 45. Kg2 Rh2+ 46. Kg1 Rxh5 47. Qe6 Qd8 48. Rd5 Qb8 49. Qd6 Qa7+ 50. c5 Ng8 51. Re8 Qb7 52. Rxg8+ 1-0